Cote D'Ivoire : Request for an Extended Arrangement Under the Extended Fund Facility and an Arrangement Under the Extended Credit Facility-Press Release; Staff Report; and Statement by the Executive Director for Cote D'Ivoire.

This paper discusses Cote D'Ivoire's Requests for an Extended Arrangement Under the Extended Fund Facility (EFF) and an Arrangement Under the Extended Credit Facility (ECF). Extending the gains of 2015, solid economic and fiscal performance continued in 2016. Strong investment and private...

Повний опис

Бібліографічні деталі
Співавтор: International Monetary Fund. African Dept
Формат: Журнал
Мова:English
Опубліковано: Washington, D.C. : International Monetary Fund, 2016.
Серія:IMF Staff Country Reports; Country Report ; No. 2016/383
Онлайн доступ:Full text available on IMF
LEADER 01962cas a2200241 a 4500
001 AALejournalIMF017293
008 230101c9999 xx r poo 0 0eng d
020 |c 5.00 USD 
020 |z 9781475561265 
022 |a 1934-7685 
040 |a BD-DhAAL  |c BD-DhAAL 
110 2 |a International Monetary Fund.  |b African Dept. 
245 1 0 |a Cote D'Ivoire :   |b Request for an Extended Arrangement Under the Extended Fund Facility and an Arrangement Under the Extended Credit Facility-Press Release; Staff Report; and Statement by the Executive Director for Cote D'Ivoire. 
264 1 |a Washington, D.C. :  |b International Monetary Fund,  |c 2016. 
300 |a 1 online resource (130 pages) 
490 1 |a IMF Staff Country Reports 
500 |a <strong>Off-Campus Access:</strong> No User ID or Password Required 
500 |a <strong>On-Campus Access:</strong> No User ID or Password Required 
506 |a Electronic access restricted to authorized BRAC University faculty, staff and students 
520 3 |a This paper discusses Cote D'Ivoire's Requests for an Extended Arrangement Under the Extended Fund Facility (EFF) and an Arrangement Under the Extended Credit Facility (ECF). Extending the gains of 2015, solid economic and fiscal performance continued in 2016. Strong investment and private consumption contributed to real GDP growth estimated at about 9 percent in 2015. In 2016, booming extractive industries and rising domestic demand supported activity in the commercial sector, which should sustain GDP growth at about 8 percent. The macroeconomic outlook remains favorable, but structural bottlenecks pose challenges to sustained strong growth. The IMF staff supports the authorities' request for the ECF and EFF arrangements. 
538 |a Mode of access: Internet 
830 0 |a IMF Staff Country Reports; Country Report ;  |v No. 2016/383 
856 4 0 |z Full text available on IMF  |u http://elibrary.imf.org/view/journals/002/2016/383/002.2016.issue-383-en.xml  |z IMF e-Library